| 000 | 00460nam a22001577a 4500 | ||
|---|---|---|---|
| 005 | 20251108173621.0 | ||
| 008 | 250721s2007 xx 000 0 ara d | ||
| 082 | 1 | 4 | _a745.5/ محم |
| 100 | 1 | _aمحمد، جمانة | |
| 245 | 1 | 0 | _aفن الحرف اليدوية الميسرة / |
| 264 | 1 |
_aعمان : _bدار اليازوري العلمية، _c2007. |
|
| 300 | _a240ص. | ||
| 650 | 1 | 7 | _aالحرف اليدوية |
| 942 |
_2ddc _cBK |
||
| 999 |
_c108234 _d108234 |
||